Prayer (Record no. 122935)
[ view plain ]
| 000 -LEADER | |
|---|---|
| fixed length control field | 00420nam a22001457a 4500 |
| 008 - FIXED-LENGTH DATA ELEMENTS--GENERAL INFORMATION | |
| fixed length control field | 150715b xxu||||| |||| 00| 0 eng d |
| 020 ## - INTERNATIONAL STANDARD BOOK NUMBER | |
| International Standard Book Number | 9780340979273 |
| 050 ## - LIBRARY OF CONGRESS CALL NUMBER | |
| Classification number | BV 210.2.F68 2008 |
| 100 ## - MAIN ENTRY--PERSONAL NAME | |
| Personal name | Foster, Richard |
| 9 (RLIN) | 18178 |
| 245 ## - TITLE STATEMENT | |
| Title | Prayer |
| Remainder of title | Finding the heart's true home |
| 260 ## - PUBLICATION, DISTRIBUTION, ETC. (IMPRINT) | |
| Place of publication, distribution, etc | London |
| Name of publisher, distributor, etc | Hodder and Stoughton |
| Date of publication, distribution, etc | 2008 |
| 300 ## - PHYSICAL DESCRIPTION | |
| Extent | xiii, 301p. |
| 650 ## - SUBJECT ADDED ENTRY--TOPICAL TERM | |
| Topical term or geographic name as entry element | Prayer |
| General subdivision | Christianity |
| 9 (RLIN) | 9439 |
| 942 ## - ADDED ENTRY ELEMENTS (KOHA) | |
| Source of classification or shelving scheme | Library of Congress Classification |
| Item type | Monograph ( Printed materials) |
| Withdrawn status | Lost status | Source of classification or shelving scheme | Damaged status | Not for loan | Home library | Current library | Date acquired | Total Checkouts | Full call number | Barcode | Date last seen | Date last borrowed | Price effective from | Koha item type |
|---|---|---|---|---|---|---|---|---|---|---|---|---|---|---|
| Library of Congress Classification | ARRUPE LIBRARY | ARRUPE LIBRARY | 15/07/2015 | 1 | BV 210.2.F68 2008 | 46500002639 | 18/05/2018 | 14/05/2018 | 15/07/2015 | Monograph ( Printed materials) |